| 000 | 01073nam a2200277Ia 4500 | ||
|---|---|---|---|
| 003 | OSt | ||
| 005 | 20220923211406.0 | ||
| 006 | a|||||r|||| 00| 0 | ||
| 007 | ta | ||
| 008 | 220922b |||||||| |||| 00| 0 hin d | ||
| 020 |
_a9788189798888 (hbk) _c525 |
||
| 024 | _a259,966 | ||
| 037 |
_b105, 04/10/2011, Vidyanidhi Prakashan _cTextual |
||
| 040 |
_aARTS _cARTS _bhin |
||
| 041 |
_2hin _ahin |
||
| 082 | _aO15,2D40:g, 152Q1 | ||
| 100 | _aमुसलगॉंवकर, केशवराव | ||
| 245 | 0 | _aकालिदास - मीमांसा | |
| 246 | _aKālidās - mīmāansā | ||
| 260 |
_aवाराणसी _b चौखम्भा संस्कृत संस्थान _c2011 |
||
| 300 |
_a323पृ. _ccm. |
||
| 490 | _aकाशी संस्कृृत ग्रंथमाला; 329 | ||
| 650 | _aसंस्कृत साहित्य | ||
| 942 |
_hO15,2D40:g, 152Q1 _cTEXL _2CC |
||
| 999 |
_c299013 _d299013 |
||